Age structured epidemic modeling / (Record no. 51646)
[ view plain ]
| 000 -LEADER | |
|---|---|
| fixed length control field | 00635nam a2200229Ia 4500 |
| 005 - DATE AND TIME OF LATEST TRANSACTION | |
| control field | 20260429111948.0 |
| 008 - FIXED-LENGTH DATA ELEMENTS--GENERAL INFORMATION | |
| fixed length control field | 260429s9999||||xx |||||||||||||| ||und|| |
| 020 ## - INTERNATIONAL STANDARD BOOK NUMBER | |
| International Standard Book Number | 9783030424954 |
| 041 ## - LANGUAGE CODE | |
| Language | English |
| 082 ## - DEWEY DECIMAL CLASSIFICATION NUMBER | |
| Classification number | 511.8 |
| Item number | LI |
| 100 ## - MAIN ENTRY--PERSONAL NAME | |
| Personal name | Li, Xue-Zhi |
| 245 #0 - TITLE STATEMENT | |
| Title | Age structured epidemic modeling / |
| Statement of responsibility, etc | Xue-Zhi Li |
| 260 ## - PUBLICATION, DISTRIBUTION, ETC. (IMPRINT) | |
| Place of publication, distribution, etc | Switzerland : |
| Name of publisher, distributor, etc | Springer, |
| Date of publication, distribution, etc | 2020. |
| 300 ## - PHYSICAL DESCRIPTION | |
| Extent | xii, 383 p.; hb |
| 440 ## - SERIES STATEMENT/ADDED ENTRY--TITLE | |
| Title | Interdisciplinary applied mathematics; 52 |
| 650 ## - SUBJECT ADDED ENTRY--TOPICAL TERM | |
| Topical term or geographic name as entry element | Epidemic modelling |
| 650 ## - SUBJECT ADDED ENTRY--TOPICAL TERM | |
| Topical term or geographic name as entry element | Mathematical modelling |
| 650 ## - SUBJECT ADDED ENTRY--TOPICAL TERM | |
| Topical term or geographic name as entry element | Mathematics |
| 700 ## - ADDED ENTRY--PERSONAL NAME | |
| Personal name | Martcheva, Maia |
| 700 ## - ADDED ENTRY--PERSONAL NAME | |
| Personal name | Yang, Junyuan |
| 942 ## - ADDED ENTRY ELEMENTS (KOHA) | |
| Koha item type | Text Books |
| Withdrawn status | Lost status | Damaged status | Not for loan | Collection code | Home library | Location | Shelving location | Date of Cataloging | Source of acquisition | Total Checkouts | Full call number | Barcode | Date last seen | Price effective from | Koha item type |
|---|---|---|---|---|---|---|---|---|---|---|---|---|---|---|---|
| Non-fiction | CUTN Central Library | CUTN Central Library | Sciences | 29/04/2026 | Chennai Book Agency, Chennai - Invoice No. 24-25/0155 on 10-02-2026 | 511.8 LI | 56674 | 29/04/2026 | 29/04/2026 | Text Books |
